Prepositions in Poem Titles Quiz Stats

 Plays Quiz Updated Oct 17, 2019

Score 0/20 Timer 03:00
10 Plays Today
% Correct
Out
83.4%
To
80.6%
Into
76.4%
For
71.8%
From
69.7%
Under
68.9%
Between
67.7%
About
64.1%
With
61.7%
As
56.7%
% Correct
In
53.5%
By
52.9%
Within
51.7%
On
48.9%
Down
48.8%
Of
47.5%
Inside
43.9%
Before
37.4%
During
36.6%
At
32.9%

You're not logged in!

Compare scores with friends on all Sporcle quizzes.
OR
Log In

Sporcle TV

Today on Sporcle TV


Watch our educational content, quiz creation guides, and fun videos on Sporcle TV.

Show Comments

Extras

Top Quizzes Today


Score Distribution

Your Account Isn't Verified!

In order to create a playlist on Sporcle, you need to verify the email address you used during registration. Go to your Sporcle Settings to finish the process.

Report this User

Report this user for behavior that violates our Community Guidelines.

Details: